000 01009nam a2200253Ia 4500
003 OSt
005 20221005112841.0
006 a|||||r|||| 00| 0
007 ta
008 221004b |||||||| |||| 00| 0 pan d
020 _a9788182991781 (hbk)
_c450
024 _a104358
037 _b7830/IV/A, 31/01/2011, Arsee Publishers
_cTextual
040 _aCRL
_cCRL
_bpan
041 _2pan
_apan
082 _aO153,1F73:g, P9
100 _aਜੱਗੀ, ਰਕਨ ਸਿੰਘl ਜੱਗੀ, ਗੁਰਰਨ ਸਿੰਘ, ਥਦ।
_9624430
245 0 _aੇਖ ਖ਼ਰੀਦ
_b ਜੀਵਨ, ਚਿੰਤਨ ਅਤੇ ਬਾਣੀ
260 _aਦਿੱਲੀ
_bਆਰਸੀ ਭਾਰਤ
_c2009
300 _a131ਪੰ
_ccm.
650 _aਪੰਜਾਬੀ ਸਾਹਿਤ
942 _hO153,1F73:g, P9
_cTEXL
_2cc
999 _c1026177
_d1026177